PROGRAM ÚDRŽBY A OPRÁV CIEST A DIAĽNIC

Bibliographic Details
Main Author: Miškovič, Marián (Author)
Format: Article
Language:Slovak
ISBN:8023202480

MARC

LEADER 00000naa a2200000uu 4500
001 vtls011036606
003 SK-MaSNL
005 20260302124216.0
008 210907|2005 xo |||||||||||||||||slo|
015 |a SNBRA 
035 |a (urnnbn)urn:nbn:sk:snk:ar-008un2 
035 |a (uuid)5e8d1595-6836-4cd8-a0f9-fac1158ae3c0 
035 |a urn:nbn:sk:snk-aauqck 
040 |a SNKBUCL  |b slo  |c SNKBUCL  |e AACR2 
041 0 |a slo 
044 |a xo  |c SK 
100 1 |a Miškovič, Marián  |4 aut  |9 809993 
245 1 0 |a PROGRAM ÚDRŽBY A OPRÁV CIEST A DIAĽNIC  |c Marián Miškovič 
773 0 |t Hydroizolácie mostov a tunelov  |d Košice : Dom techniky ZSVTS, 2005  |g S. 7-11  |z 8023202480 
958 |a OND 
958 |a article12 
958 |a chapter 
999 |c 1286685  |d 1288615